Directional climate change and potential reversal of desertification in arid adn semiarid ecosystems (Record no. 57227)

MARC details
000 -LEADER
fixed length control field 00506nam a2200169Ia 4500
100 ## - MAIN ENTRY--AUTHOR NAME
Personal name Peters D P C
245 #0 - TITLE STATEMENT
Title Directional climate change and potential reversal of desertification in arid adn semiarid ecosystems
260 ## - PUBLICATION, DISTRIBUTION, ETC. (IMPRINT)
Name of publisher Global Change Biology
Year of publication 2012
300 ## - PHYSICAL DESCRIPTION
Number of Pages 151-163
650 ## - SUBJECT ADDED ENTRY--TOPICAL TERM
Topical Term Climate change
650 ## - SUBJECT ADDED ENTRY--TOPICAL TERM
Topical Term Extreme events
650 ## - SUBJECT ADDED ENTRY--TOPICAL TERM
Topical Term Grasslands
650 ## - SUBJECT ADDED ENTRY--TOPICAL TERM
Topical Term Regime shift
650 ## - SUBJECT ADDED ENTRY--TOPICAL TERM
Topical Term Wet-dry climatic period
942 ## - ADDED ENTRY ELEMENTS (KOHA)
Koha item type Journals
Holdings
Withdrawn status Lost status Damaged status Not for loan Home library Current library Shelving location Date acquired Serial Enumeration / chronology Koha item type
      Journals RRII Library RRII Library Climate change 24/07/2012 Volume 18, Issue 1 Journals